| 000 | 00467nam a2200193Ia 4500 | ||
|---|---|---|---|
| 005 | 20240823005911.0 | ||
| 008 | 240823s9999||||xx |||||||||||||| ||und|| | ||
| 041 | _aENGLISH | ||
| 082 | _A621.381 N8 | ||
| 100 | _aMithal G K | ||
| 245 | 0 | _aElectronics and Telecommunication Objectives | |
| 250 | _a3rd-Rd | ||
| 260 |
_c1998 _b"UBS,New Delhi" |
||
| 500 | _aYES | ||
| 650 |
_aElectronics _bElectronics |
||
| 700 | _a Bansal P K | ||
| 942 | _cBK | ||
| 999 |
_c157051 _d157051 |
||